000 00982nam a22002297a 4500
001 EIF-VIII-2013-M2-004
003 OSt
005 20221221094935.0
008 221221b |||||||| |||| 00| 0 eng d
040 _aFundación Jesús Pereda
_cFundación Jesús Pereda
041 _aCastellano
100 _uUniversidad Católica de Lille
_aRodrigo Paredes, Florentina
_9651
111 _aEncuentro de Investigadores del Franquismo
_c(Barcelona.
_d2013.
_n8º)
_9100
245 _aNoviazgo y matrimonio en Cartagena durante el franquismo:
_bun estudio a través de las fuentes orales
_c/Florentina Rodrigo Paredes
650 0 _9653
_aMatrimonio
650 0 _9654
_aRelaciones prematrimoniales
650 0 _990
_aFuentes para la investigación histórica
651 0 _9652
_aCartagena
773 _tActas del VIII Encuentro de Investigadores del Franquismo
856 _uhttps://bibliotecaccoocyl.fundacionjesuspereda.es/cgi-bin/koha/opac-retrieve-file.pl?id=7b2e3789647cbbb8eeb9383193f283d7
942 _2ddc
_cCF
_n0
999 _c423
_d423